00873nam a2200265Ia 45000010006000000050017000060070003000230080041000260200007000670400025000740410008000990820018001071000022001252450122001472500014002692600046002833000019003295040009003486530047003576530024004047000018004289420012004469520132004589990017005901888920240113235906.0ta060125s1997 g b000 u 465 u cPB aCotton College,Assam a465 a327bSh 11 In aSharma , Urmila . 0aInternational Relations: Theory and History Upto World War II Vol.I /cUrmila Sharma & S.K.Sharma.hTextual Documents a1st ed. / aNew Delhi :bAtlantic Publishers ,c1997. a392p. ;c22cm. aBib. aInternational Relations-Theory and History aG-Political Science aSharma, S.K.. 2ddccBK 001040708Circulation (G)aSKBLbSKBLd2012-02-01f00000l0o327 Sh 11 Inp316/Pol.Scr2024-01-13 00:00:00t1w2012-02-01yBK c18871d18871